[Event "FRA-ch opA U18"]
[Site "Calvi"]
[Date "2005.04.??"]
[Round "8"]
[White "Nolot, Vivien"]
[Black "Gabriel, Florent"]
[Result "1/2-1/2"]
[WhiteElo "1880"]
[BlackElo "1810"]
[PlyCount "69"]
[EventDate "2005.04.??"]
[EventType "swiss"]
[EventRounds "9"]
[EventCountry "FRA"]
[SourceTitle "EXT 2006"]
[Source "ChessBase"]
[SourceDate "2005.11.24"]
[SourceVersion "1"]
[SourceVersionDate "2005.11.24"]
[SourceQuality "1"]

1. e4 c6 2. d4 d5 3. e5 Bf5 4. h4 h6 5. g4 Bh7 6. e6 fxe6 7. Bd3 Bxd3 8. Qxd3 Qd6 9. f4 Nf6 10. Nf3 Ne4 11. Ne5 Nd7 12. Nd2 0-0-0 13. Nf7 Qxf4 14. Qf3 Qxf3 15. Nxf3 Rg8 16. Nxd8 Kxd8 17. Be3 g6 18. Bf4 Bg7 19. Ne5 Nxe5 20. Bxe5 Bxe5 21. dxe5 Nc5 22. 0-0 Ke8 23. Kg2 Ne4 24. Rad1 Rf8 25. Rxf8+ Kxf8 26. Kf3 Ke8 27. Ke3 Kd7 28. Rf1 Ke8 29. Kd3 b6 30. c4 c5 31. cxd5 exd5 32. e6 Nf6 33. g5 hxg5 34. hxg5 Ne4 35. b4 1/2-1/2